Cases and applications in Lotus 1-2-3 : releases 2, 2.2 and 3

Bibliographic Details
Main Author: Holt, Jack A
Format: Book
Published: Illinois : IRWIN , 1986
Edition:3rd ed
Subjects:

MARC

LEADER 00000cam a2200000 7i4500
001 0000004925
002 000005311
005 20000330.0
020 |a 0256082790 
090 0 0 |a 650.02855369   |b HOL 
100 1 |a Holt, Jack A 
245 1 0 |a Cases and applications in Lotus 1-2-3 :   |b releases 2, 2.2 and 3   |c Jack A. Holt 
250 |a 3rd ed 
260 |a Illinois :   |b IRWIN ,   |c 1986 
300 |a 342p. ;   |c 27cm. 
650 0 0 |a Lotus 1-2-3 (Computer program) 
999 |a 037676   |b BUKU   |c PINJAMAN   |e PERPUSTAKAAN KOMUNITI PETALING JAYA 
999 |a 037677   |b BUKU   |c PINJAMAN   |e PERPUSTAKAAN KOMUNITI PETALING JAYA